00621nam a22002177a 450000500170000001000130001702000100003003500130004003700160005304000120006908200160008110000230009724500750012024600060019526000430020127000610024430000270030550000410033265000160037365000140038920170124110200.0 aA-294459 c00.00 aA-294459 bCen Lib/Ret aDPLbEN a181.46bSHA aSharma, G. Ranjit  aThe idealistic philosophy of swami vivekananda /cby G. Ranjit Sharma  b  bAtlantic Publishers aNew Delhi c1987 bNew Delhi aB-2, vishal enclave, najafgarh road e110027 aviii, 197p..c19cm(Hb) aIncludes bibliographical references  aPhilosophy  aIdeology